000 00864nam a2200217Ia 4500
001 14576
005 20260415161416.0
008 260306t2013||||xx |||||||||||||| ||spa||
041 _aESP
082 _a515.33
_bG45
100 _aGil Sevilla, Jorge Luis
_eAUT
245 0 _aCálculo diferencial:
_bpara cursos con enfoque por competencias
260 _c2013
300 _a285 páginas :
_c27 cm.
650 _aGEN
654 _aCMA
856 _uhttps://itmsp.museknowledge.com/UCSP?url=https://www.ebooks7-24.com:443/?il=3593&pg=1
_zVersión digital
856 _uhttps://0u213wle8-y-https-ebooks7--24-com.itmsp.museknowledge.com/biblioteca.aspx
_zVéase además: Base de datos Ebook7-24
856 _uhttps://0u20fwlef-y-https-research-ebsco-com.itmsp.museknowledge.com/c/qxo6us/search
_zVéase además: Base de datos EBSCOhost
942 _cLIB
_dJUS
_fJUS
_2ddc
999 _c14576
_d14576